Allied Academies International Conference. Proceeding Academy of Banking studies

Detalles Bibliográficos
Formato: Desconocido
Lenguaje:inglés
Publicado: Cullowhee, NC : DreamCatchers Group LLC
Materias:
Acceso en línea:Acceso restringido

MARC

LEADER 00000ny a22000003n 4500
003 UkOxU
005 20110513145247.0
006 m d
007 cr |n|||||||||
008 070718c20079999ncufr p 0 a0eng c
010 |a 2007213615 
035 |a 5133 
040 |a BUS  |d vLex 
050 0 0 |a HG1  |b .J584 
082 1 0 |a 332  |2 13 
090 |c 1907  |d 1907 
245 0 0 |a Allied Academies International Conference.  |p Academy of Banking studies  |h [Recurso electrn̤ico]  |b Proceeding 
246 3 |a ABSJ 
246 3 |a Academy of banking studies 
256 |a Servicio en ln̕ea 
260 |a Cullowhee, NC :  |b DreamCatchers Group LLC 
310 |a Anual 
506 1 |a Contenido solo disponible en los productos indicados  |d vLex Global  |d vLex Global (Academic Edition, excluding Law Schools)  |d vLex Global (U.S. Academic Edition, excluding Law Schools) 
650 0 4 |a Bancos  |x Publicaciones perid̤icas 
650 0 4 |a Finanzas  |x Publicaciones perid̤icas 
740 0 |a vLex Revista (Servicios en ln̕ea) 
843 |a Electrn̤ica. Cerrada 
853 |8 1  |i (year)  |j (month)  |k (day) 
856 4 0 |z Acceso restringido  |u http://vlex.com/account/login_ip?fuente_id=5133 
942 |c REV 
999 0 |a Banks and banking  |v Periodicals. 
999 0 |a Finance  |v Periodicals.